000 00307nam a2200145Ia 4500
100 _aWaldron/kenneth J/ kinzel/Gary L
250 _a2
942 _cBK
654 _akinematics
245 _akinematics
260 _bJohn Wiley & Sons
_c2004
082 _a62.81
_bWAL
300 _a668
546 _aENGLISH
999 _c22819
_d22819